000 00443nam a2200169Ia 4500
008 090711s9999 xx 000 0 und d
082 _b73284
100 _aकाळे वैजयंती
245 _aमदहोश
260 _c1993
300 _a235
600 _aकाळे वैजयंती
630 _aमदहोश
700 _aकाळे वैजयंती
730 _aमदहोश
942 _cBOOK
999 _c304493
_d304493